| 000 | 00523nam a22001817a 4500 | ||
|---|---|---|---|
| 005 | 20240306150202.0 | ||
| 008 | 240306b |||||||| |||| 00| 0 eng d | ||
| 020 | _a9781118385364 | ||
| 082 |
_a005.133 _bSEM-C |
||
| 100 | _aSempf,Bill | ||
| 245 |
_aC# 5.0 all-in-one for dummies / _cChuck Sphar, Stephen Randy Davis |
||
| 260 |
_aindia: _bJohn Wiley&Sons; _c2013. |
||
| 300 |
_axxiii,816 p. : _bill, _c23 cm. |
||
| 500 | _aInclude index. | ||
| 650 | _acomputer science/programming | ||
| 700 | _aChuck Sphar | ||
| 999 |
_c35249 _d35249 |
||